[Event "Dortmund SuperGM 43rd"]
[Site "Dortmund"]
[Date "2015.07.04"]
[Round "6"]
[White "Nepomniachtchi, Ian"]
[Black "Naiditsch, Arkadij"]
[Result "1-0"]
[WhiteElo "2720"]
[BlackElo "2722"]
[Annotator "Sagar,Shah"]
[PlyCount "135"]
[EventDate "2015.06.27"]
[EventType "tourn"]
[EventRounds "7"]
[EventCountry "GER"]
[EventCategory "19"]
[SourceTitle "CBM 167"]
[Source "ChessBase"]
[SourceDate "2015.07.13"]
[SourceVersion "1"]
[SourceVersionDate "2015.07.13"]
[SourceQuality "1"]

1. c4 e6 2. Nc3 d5 3. d4 Nf6 {One of the main reasons why Black players have started playing Be7 before Nf6 is exactly the line that happened in this game where the knight is developed on e2.} 4. cxd5 exd5 5. Bg5 c6 6. Qc2 Be7 7. e3 Nbd7 8. Bd3 O-O 9. Nge2 Re8 10. O-O h6 11. Bf4 Nf8 12. a3 ({RR} 12. f3 c5 13. Rad1 c4 14. Bf5 Be6 15. Bxe6 Nxe6 16. Be5 Qd7 17. a4 Nc7 18. b3 Na6 19. bxc4 dxc4 20. Bxf6 Bxf6 21. Ne4 Bg5 22. Qxc4 Bxe3+ 23. Kh1 Rac8 24. Qb3 Bg5 25. N2c3 Be7 26. d5 Nc5 {Wang,H (2747)-Liu,Q (2500) Tromsoe 2013 1-0 (46)}) 12... a5 {preventing the intended expansion with b4.} ({RR} 12... Ne6 13. Bg3 Nh5 14. b4 Nxg3 15. Nxg3 Bf6 16. Rab1 a5 17. b5 c5 18. dxc5 Nxc5 19. Bf5 Bxf5 20. Nxf5 Rc8 21. Rbc1 Ne4 22. Qd3 Rxc3 23. Rxc3 Nxc3 24. Rc1 Qd7 25. g4 Rc8 26. a4 Ne2+ 27. Qxe2 {Musat,A (2378)-Ansh,M (2177) Chess.com INT 2022 0-1 (37)}) 13. f3 $146 ({RR} 13. Bg3 Ne6 14. Rfc1 Bd6 15. Rab1 c5 16. dxc5 Nxc5 17. Bb5 Bxg3 18. Nxg3 Re5 19. b4 axb4 20. axb4 Nce4 21. Bd3 Nxg3 22. hxg3 Ng4 23. Ne2 Re7 24. Nf4 Be6 25. Bh7+ Kh8 26. Bf5 Bxf5 27. Qxf5 Nf6 {Walton,J-Gillen,A (2230) Szombathely 1993 ½-½ (41)}) 13... Nh5 14. Be5 f6 15. Bg3 Nxg3 16. Nxg3 Bd6 17. Rae1 Qc7 18. f4 Be6 19. Nf5 Bxf5 20. Bxf5 Re7 21. h4 $1 {A powerful move by Nepomniachtchi in order to fix the kingside black pawns. This position reminds me of the 4th game of the match between Karpov-Kasparov where Karpov played a beautiful attack on the light squares and Kasparov who had a dark squared bishop could do nothing about it.} Rae8 22. Rf3 b5 23. h5 b4 24. axb4 Bxb4 25. Re2 Qd6 26. Qd3 Rd8 {Black is trying to break free in this position with the move c5.} 27. Na4 c5 28. Nxc5 Bxc5 29. dxc5 Qxc5 30. Rc2 $1 {Now in addition to the weakend light squares, White also has the weak d5 pawn to attack. Also the bishop on f5 is clearly superior to the f8 knight. All in all this is a clear advantage to White.} Qb6 31. Kh2 Ne6 32. Rg3 Kh8 33. Qa3 Qb4 34. Qxb4 axb4 {The queens are off the board, hence the danger of a kingside attack is averted for Black but he is still struggling with all these weak pawns in the endgame.} 35. Rc6 Nc7 36. Rf3 Nb5 37. Rc5 Nc7 38. Bg6 (38. Rf1 {Activating the rook while the the c7 knight is defended by the e7 rook would have been a good idea.} Na6 39. Ra5 $16) 38... Kg8 39. Rc6 Kf8 40. b3 Ne8 $6 (40... Rb8 $14 {defending the b4 pawn would have improved black chances for a draw quite drastically.}) 41. Rb6 Rc7 42. Rxb4 {White has won a pawn and kept complete control over the position.} Nd6 43. Rf1 Ke7 44. Rd1 Rc5 45. Rb6 Rb5 46. Rxb5 Nxb5 47. Kg3 Ke6 (47... d4 48. Kf3 $16) 48. Kg4 Nd6 49. e4 $1 {Just like in the Caruana game, Kramnik game and now in Nepomniachtchi game the move e4 was played when black had a pawn on d5! Quite a co-incidence!} dxe4 50. Bxe4 Rb8 51. Bd5+ Kd7 52. Ra1 {With an active bishop, rook and an extra pawn it's all over for Black.} f5+ 53. Kh3 Ne8 54. Ra7+ Nc7 55. Bc4 Kd6 56. Ra5 Rf8 57. Kg3 Rf6 58. Kf3 Kc6 59. g3 Ne8 60. Re5 (60. Ra6+ Kc5 61. Rxf6 Nxf6 {Would not be such a great idea as the h5 pawn hangs.}) 60... Nd6 61. Bd3 Rf7 62. b4 Rb7 63. Rc5+ Kd7 64. b5 Ke6 65. Re5+ Kf6 66. Ke3 Ra7 67. Kd4 Ra3 68. Bc4 {A pretty one sided affair. Naiditsch was never really able to equalise. Nepo pressed well and was able to take the full point home.} (68. Bc4 Nxc4 69. Kxc4 Rxg3 70. b6 Rg1 71. b7 Rc1+ 72. Kd5 Rb1 73. Kc6 $18) 1-0

[Event "Match/Team URS-World 21-19"]
[Site "London"]
[Date "1984.06.24"]
[Round "1.2"]
[White "Timman, Jan H"]
[Black "Kasparov, Garry"]
[Result "1/2-1/2"]
[WhiteElo "2610"]
[BlackElo "2710"]
[Annotator "ChessBase"]
[PlyCount "46"]
[EventDate "1984.06.24"]
[EventType "team"]
[EventRounds "4"]
[EventCountry "ENG"]
[SourceTitle "MCL"]
[Source "ChessBase"]
[SourceDate "1999.07.01"]
[SourceVersion "1"]
[SourceVersionDate "1999.07.01"]
[SourceQuality "1"]

1. d4 Nf6 2. c4 e6 3. Nf3 d5 4. Bg5 Be7 5. e3 O-O 6. cxd5 exd5 7. Nc3 Nbd7 8. Bd3 c6 9. Qc2 Re8 10. O-O Nf8 11. Bxf6 Bxf6 12. b4 Bg4 13. Nd2 Be7 14. Rab1 (14. b5 $6 c5 $1) 14... Bd6 15. Bf5 ({RR} 15. g3 h5 16. Rfe1 h4 17. b5 c5 18. dxc5 Bxc5 19. Bf5 Qg5 20. Bxg4 Qxg4 21. Nxd5 Rac8 22. Qd1 Qe6 23. Nf4 Qxa2 24. Nb3 hxg3 25. hxg3 Bb6 26. Re2 Qa3 27. Rc2 Rxc2 28. Qxc2 Ne6 29. Nd5 Qd6 {Frolik,M (2128)-Tuma,J (2288) Czech Republic CZE 2025 ½-½ (45)}) 15... Bh5 $1 16. Rfc1 (16. b5 $6 c5 17. Nxd5 cxd4 18. e4 Be2 19. Rfc1 d3 $15 {Kasparov}) (16. Rfe1 $5) 16... g6 17. Bd3 Qg5 $146 ({RR} 17... Qh4 18. g3 Qf6 19. b5 Ne6 20. bxc6 bxc6 21. Bf1 Ng5 22. h4 Nf3+ 23. Nxf3 Bxf3 24. Bg2 g5 25. hxg5 {1-0 (25) Demirel,T (2226)-Lacrosse,M (2264) Mallorca 2004}) 18. Ne2 Nd7 19. h3 a6 20. a4 Rac8 21. Nf1 Bxe2 22. Bxe2 Qe7 23. Qb3 Nf6 1/2-1/2

[Event "Sigeman & Co 13th"]
[Site "Malmo/Copenhagen"]
[Date "2005.04.20"]
[Round "5"]
[White "Nakamura, Hikaru"]
[Black "Iordachescu, Viorel"]
[Result "1/2-1/2"]
[WhiteElo "2657"]
[BlackElo "2609"]
[Annotator "Marin,Mihail"]
[PlyCount "93"]
[EventDate "2005.04.15"]
[EventType "tourn"]
[EventRounds "9"]
[EventCountry "SWE"]
[EventCategory "13"]
[SourceTitle "CBM 107"]
[Source "ChessBase"]
[SourceDate "2005.08.01"]
[SourceVersion "1"]
[SourceVersionDate "2005.08.01"]
[SourceQuality "1"]

1. c4 e6 2. Nc3 d5 3. d4 Be7 4. cxd5 exd5 5. Nf3 Nf6 6. Bg5 O-O 7. e3 Nbd7 8. Bd3 Re8 9. Qc2 Nf8 10. O-O c6 11. a3 (11. Rab1 a5 12. a3 {is a more common move order to reach the game position.}) 11... a5 12. Rab1 {Once considered to be White's main weapon in this system, the immediate attempt to launch the minority's attack has been not too fashionable lately. One of the possible reasons is the discovery of the fact that Black can slow down White's plan by indirect means, creating some king side threats and keeping an eye on the queen side at the same time. True, this requires a high degree of accuracy from Black.} Bd6 $5 {This is asubtle move. Black intends to win time with 13...g4 14.d2 h5, which creates the threat of winning material with 15...xh2+ 16.xh2 g4+, while aiming to exchange the light squared bishops with ...g6, thus rendering the minority's attack less dangerous.} 13. Bh4 (13. b4 Bg4 14. Nd2 Bh5 (14... Bd7 $5 {, with the same threat, was also played, but the practical material available is hardly relevant since White usually offered a repetition of moves with} 15. Nf3) 15. h3 (15. Bh4 {would transpose below}) ({White has no time for} 15. bxa5 {because of} Bxh2+) 15... axb4 16. axb4 {(In the game, this exchange was actually carried out earlier, but for the case of other moves than 15.h3 Black might want to keep the pressure against the a3-pawn, see the comments on the main game.)} h6 (16... b5 $5 {h6, , קh3} 17. e4 Ne6 18. Bxf6 gxf6 $132) 17. Bxf6 Qxf6 18. Rfe1 (18. b5 $1) 18... g5 (18... b5 $5) 19. g3 Bg6 20. b5 h5 21. bxc6 bxc6 22. Rb6 h4 23. g4 Ra3 24. Kg2 Bxd3 25. Qxd3 Ne6 26. Nf3 $14 {1-0 Gauglitz,G (2365)-Boensch,U (2460)/Dresden 1985/MCL (38)}) ({For the more sophisticated} 13. Rfe1 {½-½ Ivanchuk,V (2739)-Bruzon Bautista,L (2669) Capablanca mem Elite 40th 2005 (7) see the game from this same issue}) 13... Bg4 14. Nd2 Bh5 {(xh2+)} 15. Bg3 (15. b4 {Personally, I prefer} Bg6 $5 {for instance:} (15... Bxh2+ $2 16. Kxh2 Ng4+ {is not working now because of} 17. Kh3 $1 (17. Kg3 $2 Qd6+ $19) 17... Qd6 (17... g5 18. Bf5 $5)) (15... axb4 $6 {might be premature. Black should not help White get rid of his a3-pawn, which creates him some trouble with playing b4-b5.} 16. axb4 Bg6 17. b5 Bxh2+ $2 (17... Bxd3 18. Qxd3 Ng6 19. Bg3 Bxg3 20. hxg3 h5 21. Qf5 h4 22. g4 Ne7 23. Qf3 Qd7 24. bxc6 bxc6 25. g5 Nh7 26. Qh5 Ra3 27. Rbc1 Ng6 28. Nf3 Qf5 29. Nxh4 Nxh4 30. Qxh4 Nxg5 31. Ne2 Qf6 32. Qf4 Qxf4 33. Nxf4 $14 {/= ½-½ Volkov,S (2554)-Bocharov,D (2438)/Elista 2000/CBM 079 (84) Black is in no real danger of losing, but White enjoys a long term advantage because of his better pawn structure.}) 18. Kxh2 Ng4+ 19. Kg3 $1 {Curiously, if compared with the previous case when the sacrifice was examined, the possible king moves have reversed roles here.} (19. Kh3 $2 Qd7 $1 20. Kg3 Nxe3 $1 $40 {or even 20...xe3+!?}) 19... Nxe3 20. Bxd8 Nxc2 21. Bxg6 Nxg6 22. Bb6 $1 $18 {×d4}) 16. Ne2 {places the knight on a vulnerable square and unexpectedely allows} (16. bxa5 {is a threat Black should be permanently aware of, but here it doesn't seem to be too dangerous:} Qc7 $5 {(Once White has made a concession regarding his pawn structure, Black can afford to spoil his king side pawns as well, especially that the f5-square is controlled by the bishop.)} 17. Bxf6 gxf6 18. g3 Rxa5 $132 {קa3}) (16. Bxg6 Nxg6 17. Bg3 Bxg3 18. hxg3 Qd6 {offers Black chances for a king side attack:} 19. Qb3 (19. bxa5 $5) 19... axb4 20. axb4 h5 21. b5 h4 $1 $36 22. gxh4 $2 Ng4 23. g3 (23. Nf3 Nxh4 $19) 23... Rxe3 $1 $19) (16. Bg3 Re7 {transposes to the main game}) 16... Bxh2+ $1 17. Kxh2 Ng4+ 18. Kg3 Nxe3 $1 19. fxe3 (19. Bxd8 Nxc2 $19 {פe2}) 19... Rxe3+ 20. Kf2 Qxh4+ 21. Kxe3 Re8+ 22. Ne4 $8 Qg5+ 23. Nf4 Bxe4 24. Kd2 Ne6 $36) 15... Bg6 16. b4 Re7 $146 {Black defends the b7-pawn in advance, in order to neutralize the potential threat of bxa5. In doing so, he takes advantage of the early bishop retreat to g3, which releases the pressure against the f6-knight.} ({RR} 16... axb4 17. axb4 Bxd3 18. Qxd3 Ng6 19. b5 h5 20. bxc6 bxc6 21. Rfc1 Ba3 22. Rc2 h4 23. Bf4 Nxf4 24. exf4 Bd6 25. Qf5 Qc8 26. Qxc8 Raxc8 27. g3 hxg3 28. hxg3 c5 29. Nb5 Bf8 30. dxc5 Rxc5 31. Rxc5 {Lacrosse,M (2298)-Maupin,J (2108) Avoine 2000 ½-½ (71)}) 17. Ne2 {Not finding a constructive way to carry out b4-b5, White decides to initiate a manoeuvring phase.} (17. Bxg6 Nxg6 18. Bxd6 Qxd6 19. Qb3 axb4 20. axb4 Ng4 21. g3 h5 $36) 17... Bxg3 18. Nxg3 {White decides to avoid the creation of doubled king side pawns, in order to prevent an eventual counterplay. However, his last move will drive the knight to far from the queen side and, especially, from the b5-square.} (18. hxg3 axb4 19. axb4 Qd6 20. b5 Ng4 $5 $132) 18... Qd6 19. Rfc1 (19. b5 $6 cxb5 $1 20. Bxg6 (20. Rxb5 Qxa3) 20... hxg6 21. Qa2 b4 22. axb4 a4 $1 $132) (19. Bxg6 $5 hxg6 20. Qc5 Qc7 21. b5 Ne6 22. Qc1 c5 $13) 19... Ne6 20. Nf3 (20. Ne2 Ng4 21. g3 Ng5 $36 22. Kg2 $2 Rxe3 $1 $19) 20... axb4 21. axb4 Nc7 {Now, the b5-square will be very difficult to unblock.} 22. Ne5 (22. Ne2 {c3, b5} Bxd3 23. Qxd3 Ne4 $11) 22... Bxd3 23. Nxd3 g6 24. Ra1 Rb8 25. Ra2 Kg7 26. Rca1 h5 27. Nf1 Ne4 28. Nd2 h4 29. h3 g5 30. Nf3 f6 31. Nc5 Qd8 32. Nd2 Nd6 {Black has arranged his pieces in optimal way and can look with optimism into the future. The control of the open a-file only helps White maintain the balance even.} 33. Re1 Qe8 34. Qd3 Qh5 35. f3 Rbe8 36. Nf1 Qg6 37. Qxg6+ Kxg6 38. Kf2 Ncb5 39. Rea1 Nc3 40. Ra3 Ncb5 41. Ra8 b6 42. Rxe8 Rxe8 43. Nb3 Nc4 44. Ke2 f5 45. Kd3 Nb2+ 46. Kc2 Nc4 47. Kd3 1/2-1/2

[Event "WchT 6th"]
[Site "Beersheba"]
[Date "2005.11.09"]
[Round "8.1"]
[White "Onischuk, Alexander"]
[Black "Bruzon Batista, Lazaro"]
[Result "1-0"]
[WhiteElo "2640"]
[BlackElo "2677"]
[Annotator "Marin,Mihail"]
[PlyCount "105"]
[EventDate "2005.11.01"]
[EventType "team-tourn"]
[EventRounds "9"]
[EventCountry "ISR"]
[SourceTitle "CBM 110"]
[Source "ChessBase"]
[SourceDate "2006.01.31"]
[SourceVersion "1"]
[SourceVersionDate "2006.01.31"]
[SourceQuality "1"]
[WhiteTeam "US of America"]
[BlackTeam "Cuba"]
[WhiteTeamCountry "USA"]
[BlackTeamCountry "CUB"]

1. d4 d5 2. c4 c6 3. Nf3 Nf6 4. Nc3 e6 5. Bg5 Nbd7 6. cxd5 exd5 7. e3 Be7 8. Qc2 O-O 9. Bd3 Re8 10. O-O Nf8 11. h3 g6 12. Rab1 Ne6 13. Bh4 Ng7 14. b4 a6 15. a4 Bf5 16. b5 (16. Bxf6 Bxf6 17. b5 {would transpose to the game 1-0 Khenkin,I (2604)-Namyslo,H (2314)/Altenkirchen 2005/CBM 106/[Marin,M] (81). In the introductory comments of this game I have highlighted some general aspects of the whole line initiated by 11...g6.}) 16... axb5 17. axb5 Nd7 $146 {Technically speaking, this is a novelty, although the idea is not entirely new.} ({Generally, Black captures on d3 before deciding the fate of his other minor pieces, since after} 17... Bxd3 18. Qxd3 {the queen is less favourably placed than on c2, by not being able to put pressure on the c6-pawn. Play usually contunues} Nf5 ({The game that might have inspired Bruzon when he produced his novelty went like this:} 18... Nd7 19. bxc6 bxc6 20. Bxe7 Qxe7 21. Rfc1 Ne6 {We can notice that Black's pieces occupy optimal positions, controlling the c5-square.} 22. Qc2 {Admitting the fact that this is the best square for the queen.} Qd6 23. Ne2 Rec8 24. Rb3 Ra3 25. Rc3 Rxc3 {½-½ Khenkin,I (2572)-Asrian,K (2604)/Moscow 2001/CBM 086}) 19. Bxf6 Bxf6 20. bxc6 bxc6 21. Rfc1 Ra3 22. Ra1 ({This is another moment when White can play} 22. Qc2 {, which would transpose to the games 1-0 Khenkin,I (2633)-Bruzon Bautista,L (2534)/Cali 2000/CBM 079 ext (53) and ½-½ Khenkin,I (2340)-Dreev,A (2495)/Borzhomi 1988/EXT 97 (67) examined in the notes to the already mentioned game 1-0 Khenkin,I (2604)-Namyslo,H (2314)/Altenkirchen 2005/CBM 106/[Marin,M] (81)}) 22... Qa8 {A typical picture: Major piece activity along the open files can compensate for the weakness of the c6-pawn.} 23. Qd1 Nd6 24. Rxa3 Qxa3 25. Nb1 Qa6 26. Nbd2 Ne4 27. Nxe4 Rxe4 28. Qc2 Re6 29. g3 h5 30. h4 {White has managed to maintain the position blocked, but his pawn structure is less solid than it looks. The light squares around the king are relatively weak, while an eventual bishop sacrifice on g3 or e3 could lead to perpetual check under certain circumstances (which actually happened in the game).} Kg7 31. Ne1 Be7 32. Ng2 Rf6 $132 {½-½ Georgiev,K (2676)-Onischuk,A (2658)/Poikovsky 2001/CBM 084 (55)}) ({RR} 17... Bxd3 18. Qxd3 Nf5 19. Bxf6 Bxf6 20. bxc6 bxc6 21. Qc2 Ra3 22. Na4 Qa8 23. Nb6 Ra2 24. Qc5 Qa3 25. Qxa3 Rxa3 26. Rfc1 Re6 27. Nd7 Ra6 28. Nc5 Ra8 29. Nxe6 fxe6 30. Rxc6 Re8 31. Rbb6 Ng7 32. g4 {Makris,S (1935)-Madsman,B (1224) Tornelo INT 2021 1-0 (68)}) ({RR} 17... Bxd3 18. Qxd3 Nf5 19. Bxf6 Bxf6 20. bxc6 bxc6 21. Rfc1 Ra3 22. Ra1 Qa8 23. Qd1 Nd6 24. Rxa3 Qxa3 25. Nb1 Qa6 26. Nbd2 Ne4 27. Nxe4 Rxe4 28. Qc2 Re6 29. g3 h5 30. h4 Kg7 31. Ne1 Be7 32. Ng2 {Georgiev,K (2676)-Onischuk,A (2658) Poikovsky 2001 ½-½ (55)}) ({RR} 17... Bxd3 18. Qxd3 Nf5 19. Bxf6 Bxf6 20. bxc6 bxc6 21. Ne2 Nd6 22. Rfc1 Qd7 23. Rc2 Nc4 24. Rbc1 Ra3 25. Qd1 h5 26. Nc3 Qf5 27. e4 dxe4 28. Nxe4 Rxe4 29. Rxc4 Rf4 30. R4c3 Rxc3 31. Rxc3 Qd7 32. Qc1 {Luna,D (1796)-Ortiz Lopera,M (1967) Medellin COL 2025 ½-½ (36)}) ({RR} 17... Bxd3 18. Qxd3 Nf5 19. Bxf6 Bxf6 20. bxc6 bxc6 21. Rfc1 Ra3 22. Qc2 Qa8 23. Ne2 Rc8 24. Nf4 Nd6 25. Nd2 Ra2 26. Qd1 Qa6 27. Ra1 Rxa1 28. Rxa1 Qb5 29. Qb3 Qxb3 30. Nxb3 Be7 31. Nd3 Nc4 32. Nbc5 {Khenkin,I (2340)-Dreev,A (2495) Borjomi 1988 ½-½ (67)}) 18. Bxe7 Rxe7 $6 {At first sight, this looks like a strange decision to me. The control of the c5-square is of vital importance, so why not capture with the queen? I assume that Bruzon had in mind already the placement of the rooks on c8 and c7, a plan that almost worked in the game, but only as a consequence of White's hurry.} (18... Bxd3 19. Qxd3 Qxe7 {would be a last chance to transpose to Khenkin - Asrian.}) ({Or, if Black feared some improvement for White,} 18... Qxe7 19. Bxf5 Nxf5 20. bxc6 bxc6 {looks also playable. For instance} 21. Na4 Rec8 (21... Nd6 {loses the c6-pawn after} 22. Nb6 $16) 22. Rb7 {(Otherwise, Black would obtain an entirely satisfactory position with ...d6, taking all the important squares along the b-file under control).} Nd6 23. Rxd7 Qxd7 24. Nb6 Qa7 25. Nxa8 (25. Nxc8 Rxc8 26. Rc1 Nc4 $11 {looks inoffensive for Black}) 25... c5 $5 26. dxc5 Rxc5 27. Qb2 Qxa8 $14 {White's position looks nicer, because of the weakness of the d5-pawn, but Black should not have too much feares either.}) 19. Bxf5 Nxf5 20. bxc6 bxc6 21. Na4 Rc8 {Abandoning the a-file is not without risks, since it leaves White free hands of action.} (21... Re6 $5) 22. Nc5 $6 {This hurried ocupation of the c5-square allows Black prove the positive sides of his plan.} ({White could have prevented the enemy rooks from getting connected by simply concentrating his forces on the queen side with, for instance,} 22. Rfc1 Nd6 23. Ne1 {[%csl Yc5][%cal Ye1d3]}) 22... Nd6 $6 {This careless answer allows White win time for his plan.} ({Better would have been} 22... Nxc5 23. Qxc5 Nd6 {when the exposed position of the white queen would have allowed Black win some time for his counterplay, for instance} 24. Ne5 Rec7 25. Rfc1 Ne4 26. Qa5 c5 $5 27. f3 cxd4 $1 28. Rxc7 Rxc7 29. Nc6 (29. fxe4 $2 Rc1+ $1 $19) 29... Qd6 30. Nxd4 Qc5 $5 {and White's advantage is more of symbolic nature.}) 23. Nxd7 Rxd7 24. Ne5 Rdc7 25. Rfc1 Qf6 {Black needs to recure to tactics in order to avoid the immediate loss of the c-pawn.} ({Of course, defending the endgame arising after} 25... c5 26. dxc5 Rxc5 (26... Ne4 27. Nd3 $16) 27. Qxc5 Rxc5 28. Rxc5 $14 {would by no means be hopeless, but there would be also very little fun about it. However, knowing the further course of the game it is easy to indicate this variation as a better chance for survival.}) 26. Rb6 c5 27. Qb2 $1 {This calm move offers White a perfect coordination of forces.} Qd8 (27... cxd4 {would have allowed White obtain a clear advantage with:} 28. Rxc7 Rxc7 29. Ng4 $5 ({Since the main line fails to win b force, the more restrained} 29. Qxd4 $16 {deserves some consideration as well.}) 29... Qd8 30. Rb8 Rc1+ {(The importance of this intermediate check will become clear later)} 31. Kh2 Rc8 32. Rxc8 Qxc8 33. Qxd4 Qe6 34. Nf6+ Kg7 35. Nxd5+ f6 $16 {Such an ending is very difficult to defend in practice. In his endgame book, Fine considers the pure knight ending as winning; the presence of queens does not make Black's position easier at all. However, we should mention that with the king on g1, White could have won immediately with} 36. Nc7 {followed by 37.xd6 xd6 38.e8+, which is impossible now because Black would capture on d6 with check.}) 28. dxc5 Nc4 $8 (28... Rxc5 29. Rxc5 Rxc5 30. Ng4 $40 {looks disastruous for Black.}) 29. Rxc4 $1 {White correctly decides to reserve his important attacking piece, the knight.} ({In case of} 29. Nxc4 Rxc5 30. Rd1 Rxc4 31. Rb5 R4c5 32. e4 {he would win a pawn, but after} Rxb5 33. Qxb5 d4 $14 {the most probable outcome of the game would be a drawn rook ending.}) 29... dxc4 30. Ng4 $40 {White has a very powerfull attack, overweighting Black's minimal material advantage.} Rc6 31. Nh6+ Kf8 32. Qh8+ Ke7 33. Qe5+ Kf8 34. Qh8+ Ke7 35. Qg7 Qd1+ 36. Kh2 Rxb6 37. Qxf7+ Kd8 38. cxb6 Qd6+ 39. f4 Qxb6 40. Qd5+ Ke7 41. Ng8+ Kf8 42. Nh6 Rc7 43. Qg8+ Ke7 44. Qxh7+ Kd8 45. Qg8+ Kd7 46. Ng4 Kc6 47. Qxc4+ Kb7 48. Qe4+ Ka7 49. Ne5 Rc3 50. Qd4 Rb3 51. Nxg6 Rxe3 52. Qxb6+ Kxb6 53. h4 1-0